000 00946nam a2200241 i 4500
001 166004
003 ES-MaACL
005 20260214184951.0
008 000113m18911892fr c |||| | fre d
040 _aCCPB | B
_bspa
_cCCPB | B
080 _a929 Talleyrand-Périgord, Charles Maurice de, Prince de Bénévent
080 _a944"17"(093.32)
100 1 _aTalleyrand-Périgord, Charles Maurice de,
_cprince de Bénèvent,
_d1754-1838
_9109131
245 1 0 _aMémoires du prince de Talleyrand /
_cpubliés avec une préface et des notes par le duc de Broglie.
260 _aParis :
_bCalmann Lévy,
_c1891-1892 (
_fImprimerie Chaix)
300 _a5 v. ;
_c24 cm.
597 _aEn T. V consta "Fin du tome cinquième et dernier"
599 _aRetrato del aut. en cada tomo.
650 4 _a
_9241191
700 1 _aBroglie, Albert de,
_d1821-1901
_931876
852 _aES-MaACL
_jG-5840-44
_z-- Enc. hol.
999 _c166004
_d166004